| 000 | 00614nam a22002057a 4500 | ||
|---|---|---|---|
| 003 | 0 | ||
| 005 | 20251111143100.0 | ||
| 008 | 251111b xxu||||| |||| 00| 0 eng d | ||
| 020 | _a0-553-81585-7 | ||
| 050 |
_aPR 6103.H55 _b.C45 2004 |
||
| 100 |
_aChild, Lee, _eauthor. |
||
| 245 |
_aThe Enemy / _cLee Child. |
||
| 260 |
_aLondon : _bBantam Books, _c2004. |
||
| 300 |
_a558 pages ; _c18 cm. |
||
| 650 | _aSuspense fiction. | ||
| 650 |
_aReacher, Jack (Fictitious character) _xFiction. |
||
| 650 |
_aUnited States. Army _xMilitary police _vFiction. |
||
| 650 |
_aMurder _xInvestigation _vFiction. |
||
| 942 |
_2lcc _cBK |
||
| 999 |
_c368582 _d368582 |
||